| 000 | 00735nam a22002417a 4500 | ||
|---|---|---|---|
| 008 | 131109b xxu||||| |||| 00| 0 eng d | ||
| 020 | _a1-55778-452-3 | ||
| 024 | _cAvailable | ||
| 037 | _cAvailable | ||
| 040 |
_aMBSTU LIBRARY _dMBSTU LIBRARY |
||
| 082 |
_222 _a150 KRP |
||
| 100 | _aKressel, Neil J. | ||
| 245 | _aPolitical psychology: classic and contemporary readings. | ||
| 260 |
_aNew York _bParagon House Publishers. _c1993 |
||
| 300 |
_a23 cm. _b416 jpage _f1 _g23 cm. |
||
| 600 | _2Psychology. | ||
| 650 | _2Psychology. | ||
| 700 | _aKressel, Neil J. | ||
| 270 |
_aNew York. _bNew York. _dUSA |
||
| 365 |
_b2639.00 _d2639.00 |
||
| 942 |
_2ddc _cBK |
||
| 999 |
_c797 _d797 |
||